000 00892nas a2200289 4500
001 BR0200466
003 BR-BrBNA
005 20231205102641.0
007 ta
008 230509b bl.|||p| |||| 00| 00por d
040 _aBR-BrBNA
_bpor
_cBiblioteca Nacional de Agricultura
041 _a(En)
072 _aF60
100 1 _aMello, M.O. de
100 1 _aAmaral, A.F. de C.
100 1 _aMelo, M.
245 1 _aSucrose metabolizing enzymes in cell suspension cultures of Bauhinia forficata, Curcuma zedoaria and Phaseolus vulgaris
650 _aMORORO
650 _aZEDOARIA
650 _aFEIJÃO
650 _aSACAROSE
650 _aCULTURA DE CÉLULA
650 _aENZIMA METABÓLICA
773 0 _tPesquisa Agropecuária Brasileira (Brazil)
_xISSN 0100-204X
_g(Sep 2001), v. 36(9) p. 1085-1092
_wBR0200466
909 _a202311
_bLúcia
_c55
_dLúcia Elande
942 _2AGRIS
_n0
_cANA
999 _c168627
_d168627